000 00537nam a2200181Ia 4500
008 240925s9999 xx 000 0 und d
020 _a9789332587090
082 _a658.81 STI
100 _aStill, Richard R.; Cundiff, Edward W.; Govoni, Norman A.P.
245 0 _aSales and Distributed Management: decisions, strategies, and cases
250 _a6th
260 _aNew Delhi:
_bPearson Education
_c,2017.
300 _a847p.
_b0
_fOriginal
500 _aIncludes Index
600 _aManagement
650 _aManagement
942 _cBK
999 _c15500
_d15500